Bravo Hits #43 - Statistiken

Allgemein
  • Dieses Quiz wurde 24 mal gespielt
  • Das Durchschnittsergebnis liegt bei 5 aus 40
Antwortstatistiken
# Lied Interpret % Korrekt
1.1 P.I.M.P. 50 Cent
70%
1.2 Never Leave You (Uh Ooh, Uh Oooh) Lumidee
52%
2.2 Angel of Berlin Martin Kesici
52%
1.8 Like Glue Sean Paul
39%
1.4 Feelgood Lies No Angels
30%
1.11 Poison Groove Coverage
26%
1.3 (There's Gotta Be) More to Life Stacie Orrico
26%
2.14 Señorita Justin Timberlake
22%
2.4 Seemann Apocalyptica
17%
2.8 Spirit in the Sky Gareth Gates
17%
2.5 I Believe in Miracles Gracia
17%
1.13 Aya Benzer 2003 (Moonlight) Mustafa Sandal
17%
1.20 Shake Baby Shake Seeed
17%
2.10 Ooops Up Snap! vs DJ Tomekk
17%
1.19 Ich bin müde Fettes Brot
13%
2.3 Buried Alive by Love HIM
13%
2.7 This Is the New S***t Marilyn Manson
13%
2.1 First Day of My Life The Rasmus
13%
2.15 Business Eminem
9%
1.16 Ten Steps Back Jess
9%
2.6 Someday Nickelback
9%
1.6 Ey Ey Ey Vanessa S.
9%
1.5 All the Girls (Electrodub Mix) B3
4%
1.15 Life Is a Rollercoaster Fame Academy
4%
2.20 Suzanna Hermes House Band
4%
1.14 Leb deinen Traum Jasmin Wagner
4%
1.10 Time of Our Lives Paul van Dyk
4%
2.16 Thoia Thoing R. Kelly
4%
2.12 Shallow Water Sylver
4%
2.18 Dreifach schön Virginia jetzt!
4%
2.13 I'll Be There Before Four
0%
2.9 A Forest Blank & Jones
0%
1.18 Trailer Fabulous Brooks Buford
0%
1.7 Dankbar DJ Tomekk
0%
1.17 Ich zieh' mich vor dir aus Etwas
0%
1.12 Scream for More Kate Ryan
0%
2.17 Guantanamo Outlandish
0%
2.11 Liebe Schiller
0%
1.9 Alive Sonique
0%
2.19 Love Is on Our Side The Frank Popp Ensemble
0%
Keine übereinstimmenden Quizze gefunden
Verteilung der Resultate
Anzahl Personen mit jedem Resultat
Perzentil nach korrekt beantworteten Fragen
Ihre Resultats-Entwicklung
Sie haben dieses Quiz noch nicht gespielt